[Event "Robecchetto Spring op 8th"]
[Site "Robecchetto"]
[Date "2011.04.28"]
[Round "4"]
[White "Rigoli, Marco"]
[Black "Sartorio, Alessandro"]
[Result "1-0"]
[WhiteElo "1389"]
[BlackElo "1332"]
[PlyCount "131"]
[EventDate "2011.04.07"]
[EventType "swiss"]
[EventRounds "7"]
[EventCountry "ITA"]
[SourceTitle "EXT 2024"]
[Source "ChessBase"]
[SourceDate "2023.10.10"]
[SourceVersion "1"]
[SourceVersionDate "2023.10.10"]
[SourceQuality "1"]

1. c4 e5 2. Nc3 Nf6 3. Nf3 Nc6 4. e3 Bb4 5. Qc2 Bxc3 6. Qxc3 0-0 7. Nxe5 d5 8. Nxc6 bxc6 9. d3 c5 10. Be2 d4 11. Qc2 Bb7 12. 0-0 Qd7 13. e4 Rfe8 14. Bg5 Ng4 15. Bf4 Re6 16. Bxg4 f5 17. Bxf5 Rf8 18. Bxe6+ Qxe6 19. Bxc7 Qg6 20. Bg3 h5 21. Qd2 h4 22. Bxh4 Rf5 23. Bg3 Rh5 24. f4 Bc8 25. f5 Qh7 26. Qf4 Bd7 27. Qb8+ Kf7 28. Qc7 Ke8 29. Qxa7 Qh6 30. Qb8+ Ke7 31. Qf4 g5 32. f6+ Kf7 33. Qd6 Bg4 34. Qe7+ Kg6 35. Qg7+ Qxg7 36. fxg7 Kxg7 37. a4 Be2 38. Rfd1 Bxd1 39. Rxd1 Rh8 40. Ra1 Ra8 41. Kf2 Kg6 42. Kf3 Kf6 43. Bd6 Ra5 44. e5+ Ke6 45. Kg4 Kf7 46. Kxg5 Kg8 47. h4 Kg7 48. h5 Kh8 49. e6 Kh7 50. e7 Ra8 51. Bxc5 Rg8+ 52. Kh4 Re8 53. a5 Ra8 54. b4 Rb8 55. b5 Rg8 56. g3 Kh6 57. a6 Rg5 58. a7 Rxh5+ 59. Kg4 Rg5+ 60. Kf3 Rxc5 61. a8Q Rf5+ 62. Kg2 Kg6 63. Rf1 Re5 64. Qg8+ Kh6 65. Rh1+ Rh5 66. Rxh5+ 1-0

[Event "Robecchetto Spring op 8th"]
[Site "Robecchetto"]
[Date "2011.04.07"]
[Round "1"]
[White "Loaldi, Davide"]
[Black "Rigoli, Marco"]
[Result "1-0"]
[WhiteElo "1619"]
[BlackElo "1389"]
[PlyCount "107"]
[EventDate "2011.04.07"]
[EventType "swiss"]
[EventRounds "7"]
[EventCountry "ITA"]
[SourceTitle "EXT 2024"]
[Source "ChessBase"]
[SourceDate "2023.10.10"]
[SourceVersion "1"]
[SourceVersionDate "2023.10.10"]
[SourceQuality "1"]

1. d4 d5 2. Nf3 e6 3. e3 a6 4. Bd3 c5 5. c3 Nc6 6. Nbd2 Be7 7. 0-0 Nf6 8. Qe2 0-0 9. dxc5 Bxc5 10. e4 e5 11. exd5 Qxd5 12. Ne4 Nxe4 13. Bxe4 Qe6 14. Bxh7+ Kh8 15. Be4 f5 16. Ng5 Qg6 17. Bc2 e4 18. Bf4 b5 19. b4 Bb6 20. Rad1 Bb7 21. Rd6 Rf6 22. Rxf6 gxf6 23. Ne6 Ne5 24. Bg3 Bd5 25. Nf4 Qf7 26. Nxd5 Qxd5 27. Qh5+ Kg7 28. Bxe5 Qxe5 29. Bb3 Rh8 30. Qf7+ Kh6 31. Qe6 Qxe6 32. Bxe6 Kg6 33. Rd1 Rd8 34. Rxd8 Bxd8 35. Bc8 a5 36. Bd7 axb4 37. cxb4 f4 38. Bxb5 Bb6 39. a4 e3 40. fxe3 fxe3 41. Kf1 Kf5 42. a5 Ba7 43. Bd3+ Ke6 44. b5 Kd7 45. b6 Bb8 46. h4 Kc6 47. h5 Kb7 48. Ke2 Bf4 49. Kf3 Bg5 50. g4 Bh6 51. Ke4 e2 52. Bxe2 Bd2 53. Kf5 Bg5 54. Bf3+ 1-0